000 01663nam a2200313Ia 4500
999 _c54869
_d54869
001 21938
003 GE_BSU
005 20220830135102.0
008 181216s ||||ge |||||||||||||| ||geo||
020 _a9789941200564
040 _cGE_BSU
041 _ageo
080 _a338.22(075.8) : 005.511 ბ-25
100 _aბარათაშვილი, ე.
_910765
245 _aბიზნესის მართვის კლასტერული პოლიტიკა :
_bსახელმძღვანელო /
_cე. ბარათაშვილი, ნ. ფარესაშვილი, თ. აბრალავა ; სამეცნ. რედ. ე. ხარაიშვილი.
264 _aთბილისი :
_bტექნ. უნ-ტი,
_c2012.
300 _a304 გვ. :
_bცხრ. ;
_c 20 სმ.
504 _aბიბლიოგრაფია ტექსტის შენიშვნებში და გვ. : 296-301
541 _h10ლ.
653 _aბიზნესის მართვა
653 _aბიზნესის მართვის კლასტერული პოლიტიკა
653 _aეკონომიკა
653 _aმენეჯმენტი
700 _a ფარესაშვილი, ნ.
_eავტორი
_914561
700 _aაბრალავა, თ.
_eავტორი
_914562
700 _aხარაიშვილი, ე.
_eრედაქტორი
_914563
710 _aსაქართველოს ტექნიკური უნივერსიტეტი
_914564
942 _cBK
_2udc